ბათუმის შოთა რუსთაველის სახელმწიფო უნივერსიტეტის ბიბლიოთეკა

სოფლის მეურნეობა : პური ჩვენი არსობისა / (ბიბ.ჩანაწერი № 59864)

000 -ლიდერი
ფიქსირებული სიგრძის საკონტროლო ველი 01842nam a22002657a 4500
003 - საკონტროლო ნომრის იდენტიფიკატორი
საკონტროლო ველი Ge_BSU
005 - ბოლო ოპერაციის თარიღი და დრო
საკონტროლო ველი 20230502105909.0
008 - ფიქსირებული სიგრძის მონაცემთა ელემენტები - ზოგადი ინფორმაცია
ფიქსირებული სიგრძის საკონტროლო ველი 230502s2016 ge ||||| |||| 00| 0 geo d
020 ## - წიგნის საერთაშორისო სტანდარტული ნომერი
International Standard Book Number 9789941244018
041 ## - ენის კოდი
Language code of text/sound track or separate title geo
080 ## - უნივერსალური ათობითი კლასიფიკაციის ინდექსი
Universal Decimal Classification number 63(479.22)(09) ს-32
245 ## - ცნობა სათაურის შესახებ
Title სოფლის მეურნეობა : პური ჩვენი არსობისა /
Statement of responsibility, etc რედაქტორი ლადო იოსებაძე, ნოდარ ჩხარტისვილი, ბაკურ გულუა და სხვ.; წინათქმა ვახტანგ სართანია; ავტორები: თამაზ კუნჭულია, შოთა კიკალიშვილი.დიზაინერი რატი თორდია.
264 ## - წარმოების, გამოცემის, დისტრიბუციის და სხვა ცნობები
გამოცემის, წარმოების, დისტრიბუციის... ადგილი თბილისი :
გამოცემის, წარმოების, დისტრიბუციის... სახელწოდება პალიტრა L,
გამოცემის, წარმოების, დისტრიბუციის... თარიღი 2016.
300 ## - ფიზიკური აღწერა
Extent 306 გვ. :
Other physical details სურ. ;
Dimensions 30 სმ.
490 ## - სერიის ცნობა
Series statement საქართველო : ჩვენი ფასეულობები
653 ## - INDEX TERM--UNCONTROLLED
Uncontrolled term საქართველოს სოფლის მეურნეობის ისტორია
700 ## - ADDED ENTRY--PERSONAL NAME
Personal name იოსებაძე, ლადო
Relator term რედაქტორი
9 (RLIN) 17896
700 ## - ADDED ENTRY--PERSONAL NAME
Personal name ჩხარტიშვილი, ნოდარ
Relator term რედაქტორი
9 (RLIN) 17897
700 ## - ADDED ENTRY--PERSONAL NAME
Personal name გულუა, ბაკურ და სხვ.;
Relator term რედაქტორი
9 (RLIN) 17898
700 ## - ADDED ENTRY--PERSONAL NAME
Personal name სართანია, ვახტანგ
Relator term წინათქმის ავტორი
9 (RLIN) 17899
700 ## - ADDED ENTRY--PERSONAL NAME
Personal name კუნჭულია, თამაზ
Relator term ავტორი
9 (RLIN) 17900
700 ## - ADDED ENTRY--PERSONAL NAME
Personal name კიკალიშვილი, შოთა
Relator term ავტორი
9 (RLIN) 17901
700 ## - ADDED ENTRY--PERSONAL NAME
Personal name თორდია, რატი
Relator term დიზაინერი
9 (RLIN) 17902
942 ## - ADDED ENTRY ELEMENTS (KOHA)
Source of classification or shelving scheme
Koha item type წიგნი
ეგზემპლარები
ჩამოწერის სტატუსი დაკარგული ეგზემპლარის სტატუსი კლასიფიკაციის წყარო ან თაროზე გაწყობის სქემა დაზიანების სტატუსი არ გაიცემა მუდმივი მდებარეობა (დაცვის ადგილი) ამჟამინდელი ადგილსამყოფელი თაროზე განთავსების ადგილი შეძენის თარიღი ღირებულება, შესყიდვის ნორმალური ფასი სრული შენახვის შიფრი შტრიხკოდი ბოლო ოპერაციის თარიღი ეგზემპლარის მიმდევრობითი ნომერი (კეტერი?) Uniform Resource Identifier ფასის ძალაში შესვლის თარიღი ეგზემპლარის სახეობა საჯარო შენიშვნა
          ბათუმის შოთა რუსთაველის სახელმწიფო უნივერსიტეტის მთავარი ბიბლიოთეკა ბათუმის შოთა რუსთაველის სახელმწიფო უნივერსიტეტის მთავარი ბიბლიოთეკა წიგნსაცავი 2023-05-02 35.00 63(479.22)(09) ს-32 64336 2023-05-02 64336 ბსუ-ს საპატიო დოქტორის გურამ ლორთქიფანიძის საჩუქარი 2023-05-02 წიგნი 35 ლ.